| 000 | 02490cam a2200541 i 4500 | ||
|---|---|---|---|
| 001 | 200468125 | ||
| 003 | TR-AnTOB | ||
| 005 | 20260415152030.0 | ||
| 007 | ta | ||
| 008 | 260415t19541954nyu b 001 0 eng | ||
| 010 | _a 56058467 | ||
| 020 |
_a0156551349 _q(volume 1 : _qpaperback) |
||
| 020 |
_a0156551357 _q(volume 2 : _qpaperback) |
||
| 035 | _a(CLU)4850561-ucladb-Voyager | ||
| 035 |
_a(OCoLC)00269344 _z(OCoLC)295652 _z(OCoLC)254569694 _z(OCoLC)640063400 _z(OCoLC)796972242 _z(OCoLC)818809577 _z(OCoLC)1100299524 |
||
| 035 | _a(OCoLC)ocm00269344 | ||
| 035 | _a(EXLNZ-01UCS_NETWORK)9912626696206531 | ||
| 035 | _a(TR-AnTOB)200468125 | ||
| 040 |
_aDLC _beng _erda _cDLC _dOCLCG _dCCV _dTULIB _dOCLCO _dOCLCF _dP4I _dOCLCQ _dOCLCO _dOCL _dTXI _dOCL _dTPA _dPHUST _dOCLCQ _dBXM _dOCLCO _dOCLCL _dOCLCQ _dOCLCL _dTR-AnTOB |
||
| 041 | 0 | _aeng | |
| 043 | _an-us--- | ||
| 050 | 1 | 0 |
_aPS88 _b.P3775 1954 |
| 090 |
_aPS88 _b.P3775 1954 |
||
| 100 | 1 |
_aParrington, Vernon Louis, _d1871-1929 _eauthor _4aut _0http://id.loc.gov/authorities/names/n50050787 _9153678 |
|
| 245 | 1 | 0 |
_aMain currents in American thought / _cVernon Louis Parrington. |
| 264 | 1 |
_aNew York : _bHarcourt, Brace & World, Inc., _c[1954] |
|
| 264 | 4 | _c©1954 | |
| 300 |
_a2 volumes ; _c19 cm |
||
| 336 |
_atext _btxt _2rdacontent |
||
| 337 |
_aunmediated _bn _2rdamedia |
||
| 338 |
_avolume _bnc _2rdacarrier |
||
| 490 | 0 |
_aHarvest books ; _v4-5 |
|
| 500 | _a"Volumes I and II ... reprinted without the third, fragmentary, posthumously published volume"--Page 4 of cover. | ||
| 504 | _aBIBINDX | ||
| 505 | 0 | _av. 1. The colonial mind, 1620-1800 -- v. 2. The romantic revolution in America, 1800-1860. | |
| 586 | _aPulitzer Prize in History, 1928 | ||
| 650 | 0 |
_aAmerican literature _xHistory and criticism _0http://id.loc.gov/authorities/subjects/sh85004351 _985972 |
|
| 650 | 0 |
_aPhilosophy, American _0http://id.loc.gov/authorities/subjects/sh85100855 _9153679 |
|
| 651 | 0 |
_aUnited States _xCivilization _0http://id.loc.gov/authorities/subjects/sh85139934 _939546 |
|
| 651 | 0 |
_aUnited States _xIntellectual life _0http://id.loc.gov/authorities/subjects/sh85140363 _9153386 |
|
| 651 | 0 |
_aUnited States _xReligion _0http://id.loc.gov/authorities/subjects/sh85140498 _9153680 |
|
| 651 | 0 |
_aUnited States _xPolitics and government _0http://id.loc.gov/authorities/subjects/sh85140410 _93287 |
|
| 942 |
_2lcc _cBK |
||
| 951 | _aUclaCollMgr MonosBKSZAS18001959 20210520 | ||
| 951 | _aMARS | ||
| 999 |
_c200468125 _d86337 |
||